<?xml version="1.0" encoding="UTF-8"?>
<record
    xmlns:xsi="http://www.w3.org/2001/XMLSchema-instance"
    xsi:schemaLocation="http://www.loc.gov/MARC21/slim http://www.loc.gov/standards/marcxml/schema/MARC21slim.xsd"
    xmlns="http://www.loc.gov/MARC21/slim">

  <leader>00457nam a2200133Ia 4500</leader>
  <controlfield tag="008">230411s9999    xx            000 0 und d</controlfield>
  <datafield tag="041" ind1=" " ind2=" ">
    <subfield code="a">mar</subfield>
  </datafield>
  <datafield tag="082" ind1=" " ind2=" ">
    <subfield code="a">AN/610.7343/&#x938;&#x902;&#x927;/B07806</subfield>
  </datafield>
  <datafield tag="100" ind1=" " ind2=" ">
    <subfield code="a">&#x938;&#x902;&#x927;&#x942; &#x91C;&#x947; &#x915;&#x947;</subfield>
  </datafield>
  <datafield tag="245" ind1=" " ind2=" ">
    <subfield code="a">&#x90F; &#x90F;&#x928; &#x90F;&#x92E;&#x94D; &#x915;&#x92E;&#x94D;&#x92F;&#x941;&#x928;&#x93F;&#x91F;&#x940; &#x939;&#x947;&#x932;&#x94D;&#x925; &#x928;&#x930;&#x94D;&#x938;&#x93F;&#x902;&#x917;</subfield>
  </datafield>
  <datafield tag="260" ind1=" " ind2=" ">
    <subfield code="b">&#x932;&#x94B;&#x91F;&#x938; &#x92A;&#x92C;&#x94D;&#x932;&#x93F;&#x915;&#x947;&#x936;&#x928;</subfield>
    <subfield code="a">&#x91C;&#x93E;&#x932;&#x902;&#x927;&#x930;</subfield>
  </datafield>
  <datafield tag="300" ind1=" " ind2=" ">
    <subfield code="a">&#x968;&#x966;&#x96E;p</subfield>
  </datafield>
  <datafield tag="999" ind1=" " ind2=" ">
    <subfield code="c">157889</subfield>
    <subfield code="d">157889</subfield>
  </datafield>
  <datafield tag="952" ind1=" " ind2=" ">
    <subfield code="0">0</subfield>
    <subfield code="1">0</subfield>
    <subfield code="4">0</subfield>
    <subfield code="7">0</subfield>
    <subfield code="8">AN</subfield>
    <subfield code="a">BTIN</subfield>
    <subfield code="b">BTIN</subfield>
    <subfield code="d">2014-12-18</subfield>
    <subfield code="e">Lotus Publication</subfield>
    <subfield code="g">100.00</subfield>
    <subfield code="i">909</subfield>
    <subfield code="j">1</subfield>
    <subfield code="l">0</subfield>
    <subfield code="o">AN 610.7343 ??? B07806</subfield>
    <subfield code="p">BTIN-BK-7806</subfield>
    <subfield code="r">2023-04-11 00:00:00</subfield>
    <subfield code="v">75.00</subfield>
    <subfield code="w">2014-12-18</subfield>
    <subfield code="y">BK</subfield>
    <subfield code="z">B07806</subfield>
  </datafield>
</record>
